000 00743nam a22002057a 4500
005 20210325204144.0
008 s2006 eng d
041 _aeng
050 _aJF501 T68 2006
245 1 0 _aToward the development of international standards for democratic legislatures
246 _aWorking to strengthen and expand democracy worldwide
260 3 _aWashington, D.C. :
_bNational Democratic Institute for International Affairs,
_c2006
300 _a81 p. ;
_b 28 cm.
650 0 4 _aLegislative bodies
850 _aNALT
942 _cGB
997 _aG 2473
997 _c000000000060107
998 _aนางสุกัญญา กัลยา
999 _c60107
_d60107